| 000 | 009530000a22001690004500 | ||
|---|---|---|---|
| 090 | _aT DVD0001 | ||
| 100 | 1 | _aGarcía Rojas, Luis Carlos | |
| 245 | 1 | 0 | _aAportes de la convivencia intercultural en la formación integral de los estudiantes de la facultad de teología de la FUSBC / Luis Carlos García Rojas |
| 260 | _aMedellín : FUSBC | ||
| 300 | _a49:31 min. | ||
| 500 | _aFormato DVD | ||
| 502 | _aTrabajo de grado (Teología Bíblica) - - Fundación Universitaria Seminario Bíblico de Colombia, 2011. | ||
| 520 | _aEste audiovisual presenta de manera sistematizada algunos testimonios que le permitirán conocer el aporte de la convivencia intercultural a la formación integral de los estudiantes de la Facultad de Teología del Seminario Bíblico de Colombia en la ciudad de Medellín. Le invitamos a saborear la riqueza de vivir y estudiar en la comunidad teológica | ||
| 650 | 1 | 4 | _aFORMACION INTEGRAL - FUSBC |
| 001 | 8783 | ||
| 942 | _cBK | ||
| 999 |
_c38901 _d38901 |
||